| 000 | 00713nam a2200205Ia 4500 | ||
|---|---|---|---|
| 999 |
_c55495 _d55495 |
||
| 003 | GCL | ||
| 005 | 20240530105400.0 | ||
| 008 | 140319s9999 xx 000 0 ara d | ||
| 040 |
_aGCL / _cGCL |
||
| 082 | 0 | 4 |
_a258 _bم ا |
| 100 | 1 | _aمحمد على قطب | |
| 245 | 1 | 0 |
_aللائمة الاربعة الاطفال : _bابو حنيفة. الشافعى . ابن حنبل. مالك / _cمحمد على قطب |
| 260 |
_a[S.N] : _bالمختار الاسلامى للطبع والنشر والتوزيع |
||
| 300 | _a168 ص | ||
| 650 | 0 | 4 | _aالفقه الشافعى |
| 650 | 0 | 4 | _aالفقه الاسلامى |
| 650 | 0 | 4 | _aالفقه المالكى |
| 650 | 0 | 4 | _aالفقه الحنفى |
| 942 |
_2ddc _cBK |
||